[Event "Aragon-chT Honor Descenso"]
[Site "Aragon"]
[Date "2021.05.15"]
[Round "8.23"]
[White "Garreta Nieto, Maria"]
[Black "Llanes Luno, Pedro Alfredo"]
[Result "0-1"]
[WhiteElo "1759"]
[BlackElo "2005"]
[PlyCount "90"]
[EventDate "2021.05.15"]
[EventType "team-tourn"]
[EventRounds "10"]
[EventCountry "ESP"]
[SourceTitle "EXT 2024"]
[Source "ChessBase"]
[SourceDate "2023.10.10"]
[SourceVersion "1"]
[SourceVersionDate "2023.10.10"]
[SourceQuality "1"]
[WhiteTeam "Monzon"]
[BlackTeam "Delicias"]
[WhiteTeamCountry "ESP"]
[BlackTeamCountry "ESP"]

1. e4 c5 2. Nf3 Nc6 3. Bb5 g6 4. Bxc6 dxc6 5. d3 Bg7 6. 0-0 Nf6 7. Re1 0-0 8. Nc3 b6 9. a4 Re8 10. Bg5 e5 11. Qd2 Qd6 12. h3 Ba6 13. b3 Nd7 14. h4 f6 15. Bh6 Nf8 16. Nh2 Bc8 17. Ne2 Be6 18. Bxg7 Kxg7 19. f4 Nd7 20. Rf1 exf4 21. Nxf4 Ne5 22. Nxe6+ Rxe6 23. Qf4 h5 24. Kh1 Rf8 25. Rf2 f5 26. Raf1 Ref6 27. exf5 Rxf5 28. Qe3 Qd4 29. Qxd4 cxd4 30. Rxf5 Rxf5 31. Rxf5 gxf5 32. Nf3 Nxf3 33. gxf3 Kf6 34. f4 a5 35. Kg2 Ke6 36. Kf2 Kd5 37. Ke2 Kc5 38. Kd1 b5 39. axb5 cxb5 40. Kc1 Kb4 41. Kb2 a4 42. bxa4 bxa4 43. c3+ dxc3+ 44. Kc2 a3 45. Kb1 Kc5 0-1

[Event "Aragon-chT Preferente Gr-II"]
[Site "Aragon"]
[Date "2019.03.16"]
[Round "8.68"]
[White "Garcia Valer, Jesus Victoriano"]
[Black "Garreta Nieto, Maria"]
[Result "0-1"]
[WhiteElo "1841"]
[BlackElo "1754"]
[PlyCount "94"]
[EventDate "2019.01.26"]
[EventType "team-tourn"]
[EventRounds "9"]
[EventCountry "ESP"]
[SourceTitle "EXT 2020"]
[Source "ChessBase"]
[SourceDate "2019.10.17"]
[SourceVersion "1"]
[SourceVersionDate "2019.10.17"]
[SourceQuality "1"]
[WhiteTeam "Agrupacion III"]
[BlackTeam "Monzon"]
[WhiteTeamCountry "ESP"]
[BlackTeamCountry "ESP"]

1. e4 c6 2. d4 d5 3. exd5 cxd5 4. c4 e6 5. Nc3 Nf6 6. Nf3 Nc6 7. Bg5 Be7 8. Bd3 h6 9. Bh4 0-0 10. 0-0 b6 11. Re1 Nb4 12. Bf1 dxc4 13. Bxc4 Bb7 14. Ne5 Rc8 15. Bb3 Nbd5 16. Rc1 Bb4 17. Qd2 Be7 18. Nxd5 Nxd5 19. Rxc8 Qxc8 20. Rc1 Qd8 21. Bg3 Bg5 22. f4 Bh4 23. Bxh4 Qxh4 24. g3 Qh3 25. Nc6 Bxc6 26. Rxc6 Qf5 27. Bc2 Qf6 28. Qd3 g6 29. a3 h5 30. Bb3 Rd8 31. Kf2 h4 32. Qe4 hxg3+ 33. hxg3 Ne7 34. Rc4 Nf5 35. Rc7 Rxd4 36. Rc8+ Kg7 37. Qh1 Nh6 38. Rc2 Qf5 39. Qe1 Ng4+ 40. Kg2 Qh5 41. Qc3 e5 42. fxe5 Qh2+ 43. Kf3 Nxe5+ 44. Ke3 Rd3+ 45. Qxd3 Qxg3+ 46. Ke4 Qxd3+ 47. Kxe5 Qxb3 0-1

[Event "ESP-ch (Women)"]
[Site "Linares"]
[Date "2017.08.26"]
[Round "8"]
[White "Gallego Sosa, Clara"]
[Black "Garreta Nieto, Maria"]
[Result "0-1"]
[WhiteElo "1729"]
[BlackElo "1771"]
[PlyCount "74"]
[EventDate "2017.08.21"]
[EventType "swiss"]
[EventRounds "9"]
[EventCountry "ESP"]
[SourceTitle "CBM 180 Extra"]
[Source "ChessBase"]
[SourceDate "2017.10.06"]
[SourceVersion "1"]
[SourceVersionDate "2017.10.06"]
[SourceQuality "1"]

1. e4 c6 2. d4 d5 3. exd5 cxd5 4. Bd3 Nc6 5. c3 Qc7 6. Ne2 Bg4 7. 0-0 e6 8. Be3 Bd6 9. h3 Bh5 10. Nd2 f5 11. Nf3 Bxf3 12. gxf3 h6 13. Kh1 g5 14. Rg1 0-0-0 15. b4 Kb8 16. Bd2 Nf6 17. a4 Rhg8 18. Nc1 Bf4 19. Ne2 Bxd2 20. Qxd2 g4 21. Nf4 Qd6 22. Rae1 Rde8 23. fxg4 fxg4 24. hxg4 e5 25. dxe5 Nxe5 26. Be2 Nexg4 27. Bxg4 Rxe1 28. Rxe1 Rxg4 29. Nd3 Ne4 30. Qe3 Qf6 31. Qh3 Rh4 32. Re3 Rxh3+ 33. Rxh3 Nxf2+ 34. Nxf2 Qxf2 35. a5 Kc7 36. b5 Qf1+ 37. Kh2 Qxb5 0-1

[Event "Huesca CupT"]
[Site "Monzon"]
[Date "2017.01.22"]
[Round "2.1"]
[White "Garreta Nieto, Maria"]
[Black "Guetas Sanchez, Hugo"]
[Result "0-1"]
[WhiteElo "1847"]
[BlackElo "2149"]
[PlyCount "60"]
[EventDate "2017.01.22"]
[EventType "team-k.o."]
[EventRounds "3"]
[EventCountry "ESP"]
[SourceTitle "EXT 2018"]
[Source "ChessBase"]
[SourceDate "2017.10.13"]
[SourceVersion "1"]
[SourceVersionDate "2017.10.13"]
[SourceQuality "1"]
[WhiteTeam "Monzon"]
[BlackTeam "Barbastro"]
[WhiteTeamCountry "ESP"]
[BlackTeamCountry "ESP"]

1. e4 d5 2. exd5 Nf6 3. Nc3 Nxd5 4. Nxd5 Qxd5 5. Nf3 Bg4 6. Be2 Nc6 7. d3 0-0-0 8. Be3 e5 9. 0-0 Kb8 10. Ng5 Bxe2 11. Qxe2 h6 12. Ne4 f5 13. Nc3 Qd7 14. f3 Be7 15. Rad1 Bf6 16. a3 Rhe8 17. Qf2 f4 18. Bc1 e4 19. Bxf4 e3 20. Qe1 Bxc3 21. bxc3 e2 22. Qf2 exf1Q+ 23. Rxf1 Qe7 24. Rb1 g5 25. Bg3 Qe3 26. Qxe3 Rxe3 27. Kf1 Rde8 28. a4 Re2 29. Rb2 Rd2 30. Be1 Rd1 0-1

[Event "Huesca Province-ch"]
[Site "Sabinanigo"]
[Date "2016.11.19"]
[Round "6"]
[White "Garreta Crespo, Blas"]
[Black "Garreta Nieto, Maria"]
[Result "0-1"]
[WhiteElo "1820"]
[BlackElo "1681"]
[PlyCount "40"]
[EventDate "2016.10.15"]
[EventType "swiss"]
[EventRounds "7"]
[EventCountry "ESP"]
[SourceTitle "EXT 2018"]
[Source "ChessBase"]
[SourceDate "2017.10.13"]
[SourceVersion "1"]
[SourceVersionDate "2017.10.13"]
[SourceQuality "1"]

1. d4 d5 2. Nf3 Nf6 3. c4 c6 4. cxd5 cxd5 5. Nc3 Nc6 6. e3 a6 7. Bd3 Bg4 8. Be2 e6 9. 0-0 Bd6 10. a3 0-0 11. b4 Qc7 12. h3 Bxf3 13. Bxf3 Nxb4 14. Bb2 Nc6 15. Qd2 Na5 16. Qd3 Nc4 17. Rfb1 Rfc8 18. Ne2 b5 19. Bc1 Qa5 20. Rb3 Qe1# 0-1

[Event "Aragon-chT Preferente B"]
[Site "Aragon"]
[Date "2016.04.02"]
[Round "9.68"]
[White "Arino Castan, Federico"]
[Black "Garreta Nieto, Maria"]
[Result "1/2-1/2"]
[WhiteElo "1761"]
[BlackElo "1615"]
[PlyCount "56"]
[EventDate "2016.01.30"]
[EventType "team-tourn"]
[EventRounds "9"]
[EventCountry "ESP"]
[SourceTitle "EXT 2018"]
[Source "ChessBase"]
[SourceDate "2017.10.13"]
[SourceVersion "1"]
[SourceVersionDate "2017.10.13"]
[SourceQuality "1"]
[WhiteTeam "Binefar"]
[BlackTeam "Monzon"]
[WhiteTeamCountry "ESP"]
[BlackTeamCountry "ESP"]

1. d4 d5 2. c4 c6 3. Nc3 Nf6 4. Bg5 e6 5. e3 Be7 6. Nf3 Nbd7 7. Bd3 0-0 8. 0-0 dxc4 9. Bxc4 Nb6 10. Bb3 Nbd5 11. a3 b6 12. Rc1 Bb7 13. Re1 h6 14. Bh4 Rc8 15. Nxd5 cxd5 16. Ne5 Qd6 17. Qd3 Ne4 18. Bg3 Nxg3 19. hxg3 f5 20. Ng6 Rfe8 21. Nxe7+ Qxe7 22. Qe2 Qg5 23. Qd2 Qe7 24. Rxc8 Rxc8 25. Rc1 Qd7 26. Rc3 Rxc3 27. Qxc3 Qc6 28. Qxc6 Bxc6 1/2-1/2